Indonesia : Detailed Assessment of Observance of IMF Code of Good Practices on Transparency in Monetary and Financial Policies.

This paper discusses key findings of the Financial Sector Assessment Program (FSAP) covering the transparency of monetary policy in the Republic of Indonesia. There is a reasonably high degree of transparency in Indonesia's monetary policy, with much progress having been made over the last deca...

Descrición completa

Detalles Bibliográficos
Autor Corporativo: International Monetary Fund
Formato: Revista
Idioma:English
Publicado: Washington, D.C. : International Monetary Fund, 2012.
Series:IMF Staff Country Reports; Country Report ; No. 2012/188
Acceso en liña:Full text available on IMF
LEADER 01609cas a2200241 a 4500
001 AALejournalIMF012006
008 230101c9999 xx r poo 0 0eng d
020 |c 5.00 USD 
020 |z 9781475504941 
022 |a 1934-7685 
040 |a BD-DhAAL  |c BD-DhAAL 
110 2 |a International Monetary Fund. 
245 1 0 |a Indonesia :   |b Detailed Assessment of Observance of IMF Code of Good Practices on Transparency in Monetary and Financial Policies. 
264 1 |a Washington, D.C. :  |b International Monetary Fund,  |c 2012. 
300 |a 1 online resource (40 pages) 
490 1 |a IMF Staff Country Reports 
500 |a <strong>Off-Campus Access:</strong> No User ID or Password Required 
500 |a <strong>On-Campus Access:</strong> No User ID or Password Required 
506 |a Electronic access restricted to authorized BRAC University faculty, staff and students 
520 3 |a This paper discusses key findings of the Financial Sector Assessment Program (FSAP) covering the transparency of monetary policy in the Republic of Indonesia. There is a reasonably high degree of transparency in Indonesia's monetary policy, with much progress having been made over the last decade. The paper highlights that the adoption of an inflation targeting (IT) framework in 2005 significantly enhanced the effectiveness of Bank Indonesia in conveying its objective to the wider public. 
538 |a Mode of access: Internet 
830 0 |a IMF Staff Country Reports; Country Report ;  |v No. 2012/188 
856 4 0 |z Full text available on IMF  |u http://elibrary.imf.org/view/journals/002/2012/188/002.2012.issue-188-en.xml  |z IMF e-Library